¡Qué plaga ! (Record no. 152335)

MARC details
000 -LEADER
campo de control de longitud fija 00896nam a2200193 i 4500
001 - NÚMERO DE CONTROL
campo de control 152335
003 - IDENTIFICADOR DE NÚMERO DE CONTROL
campo de control ES-MaACL
005 - FECHA Y HORA DE LA ÚLTIMA TRANSACCIÓN
campo de control 20230906204637.0
008 - DATOS DE LONGITUD FIJA--INFORMACIÓN GENERAL
campo de control de longitud fija 931025s1866 sp |||| | spa d
100 1# - ENTRADA PRINCIPAL--NOMBRE DE PERSONA
Nombre de persona Boldún y Conde, Calisto.
9 (RLIN) 126048
245 10 - MENCIÓN DEL TÍTULO
Título ¡Qué plaga !
Resto del título : juguete cómico en un acto en prosa y en verso /
Mención de responsabilidad, etc. original de Calisto Boldun y Conde.
260 ## - PUBLICACIÓN, DISTRIBUCIÓN, ETC.
Lugar de publicación, distribución, etc. Madrid :
Nombre del editor, distribuidor, etc. [s.n.],
Fecha de publicación, distribución, etc. 1866 (
Fabricante José Rodriguez)
300 ## - DESCRIPCIÓN FÍSICA
Extensión 32 p. ;
Dimensiones 20 cm.
490 1# - MENCIÓN DE SERIE
Mención de serie El teatro: colección de obras dramáticas
500 ## - NOTA GENERAL
Nota general En port.: Representada por primera vez en el teatro de Variedades el dia 20 de enero de 1866.
830 0# - PUNTO DE ACCESO ADICIONAL DE SERIE-TÍTULO UNIFORME
Título uniforme El teatro: colección de obras dramáticas
9 (RLIN) 187705
852 ## - LOCALIZACIÓN
Ubicación ES-MaACL
Número de control de estantería F-8567(3)
Nota libre -- Enc. pasta española, falto de la cub. original
-- -- Enc. en un vol. facticio, formando parte de la col. facticia "Teatro español moderno", vol. 20
Holdings
Estatus retirado Estado de pérdida Estado de daño No para préstamo Colección Biblioteca de origen Biblioteca actual Ubicación en estantería Fecha de adquisición Total de préstamos Signatura topográfica completa Código de barras Visto por última vez Precio de reemplazo Tipo de ítem Koha
        Libros del s. XIX Biblioteca del Ateneo de Madrid Biblioteca del Ateneo de Madrid Sala Pecera Planta 2 17/01/2008   F-8567(3) 1159051 23/02/2023 23/02/2023 Libro impreso antiguo